ARTIFICIAL INTELLIGENCE A NEW SYNTHESIS / (Record no. 588256)
[ view plain ]
| 000 -LEADER | |
|---|---|
| fixed length control field | 00370nam a22001457a 4500 |
| 020 ## - INTERNATIONAL STANDARD BOOK NUMBER | |
| Qualifying information | PB. |
| 040 ## - CATALOGING SOURCE | |
| Transcribing agency | FIZZA ISHAQ |
| 082 ## - DEWEY DECIMAL CLASSIFICATION NUMBER | |
| Classification number | 006.3 |
| Author Mark | NIL |
| 100 ## - MAIN ENTRY--PERSONAL NAME | |
| Personal name | NILSON, J. NILS. |
| 9 (RLIN) | 89594 |
| 245 ## - TITLE STATEMENT | |
| Title | ARTIFICIAL INTELLIGENCE A NEW SYNTHESIS / |
| Statement of responsibility, etc. | NILS J. NILSON. |
| 250 ## - EDITION STATEMENT | |
| Edition statement | 1st ED. |
| 260 ## - PUBLICATION, DISTRIBUTION, ETC. | |
| Name of publisher, distributor, etc. | MORGAN KAUFMANN, |
| Date of publication, distribution, etc. | 1998. |
| 300 ## - PHYSICAL DESCRIPTION | |
| Extent | 513 P. ; |
| 942 ## - ADDED ENTRY ELEMENTS (KOHA) | |
| Source of classification or shelving scheme | |
| Koha item type | Book |
| Withdrawn status | Lost status | Source of classification or shelving scheme | Damaged status | Not for loan | Permanent Location | Current Location | Date acquired | Total Checkouts | Full call number | Barcode | Date last seen | Price effective from | Koha item type |
|---|---|---|---|---|---|---|---|---|---|---|---|---|---|
| NUST Baluchistan Campus (NBC) | NUST Baluchistan Campus (NBC) | 02/25/2022 | 006.3 NIL | Q-2693 | 02/25/2022 | 02/25/2022 | Book |
